| 000 -LEADER |
| fixed length control field |
02556cam a22004577i 4500 |
| 001 - CONTROL NUMBER |
| control field |
20536176 |
| 003 - CONTROL NUMBER IDENTIFIER |
| control field |
OSt |
| 005 - DATE AND TIME OF LATEST TRANSACTION |
| control field |
20240221095614.0 |
| 008 - FIXED-LENGTH DATA ELEMENTS--GENERAL INFORMATION |
| fixed length control field |
180608t20182018nyua bc 000 0 eng c |
| 010 ## - LIBRARY OF CONGRESS CONTROL NUMBER |
| LC control number |
2018947599 |
| 020 ## - INTERNATIONAL STANDARD BOOK NUMBER |
| International Standard Book Number |
9781580934718 |
| 020 ## - INTERNATIONAL STANDARD BOOK NUMBER |
| International Standard Book Number |
1580934714 |
| 035 ## - SYSTEM CONTROL NUMBER |
| System control number |
(OCoLC)ocn936532431 |
| 040 ## - CATALOGING SOURCE |
| Original cataloging agency |
YDXCP |
| Language of cataloging |
eng |
| Description conventions |
rda |
| Transcribing agency |
YDXCP |
| Modifying agency |
BTCTA |
| -- |
OCLCQ |
| -- |
MMX |
| -- |
OCLCO |
| -- |
BDX |
| -- |
OSU |
| -- |
PAU |
| -- |
OCLCF |
| -- |
EYM |
| -- |
DLC |
| 042 ## - AUTHENTICATION CODE |
| Authentication code |
pcc |
| 043 ## - GEOGRAPHIC AREA CODE |
| Geographic area code |
n-cn--- |
| 050 00 - LIBRARY OF CONGRESS CALL NUMBER |
| Classification number |
NA1053.J4 |
| Item number |
A4 2018 |
| 082 ## - DEWEY DECIMAL CLASSIFICATION NUMBER |
| Classification number |
720.92 |
| Author Mark |
PAR |
| 100 1# - MAIN ENTRY--PERSONAL NAME |
| Personal name |
Pare, Richard, |
| Relator term |
photographer, |
| -- |
writer of afterword. |
| 9 (RLIN) |
119270 |
| 240 10 - UNIFORM TITLE |
| Uniform title |
Photographs. |
| Form subheading |
Selections |
| 245 10 - TITLE STATEMENT |
| Title |
Le Corbusier : |
| Remainder of title |
the built work / |
| Statement of responsibility, etc. |
Richard Pare ; text by Jean-Louis Cohen. |
| 260 ## - PUBLICATION, DISTRIBUTION, ETC. |
| Place of publication, distribution, etc. |
New york: |
| Name of publisher, distributor, etc. |
The monacelli press; |
| Date of publication, distribution, etc. |
2018. |
| 300 ## - PHYSICAL DESCRIPTION |
| Extent |
480 pages : |
| Other physical details |
color illustrations ; |
| Dimensions |
27 x 30 cm |
| 504 ## - BIBLIOGRAPHY, ETC. NOTE |
| Bibliography, etc. note |
Includes bibliographical references (pages 470-471). |
| 520 ## - SUMMARY, ETC. |
| Summary, etc. |
"The most thoroughgoing survey of nearly all of Le Corbusier's extant projects, beautifully photographed and authoritatively detailed. Le Corbusier is widely acknowledged as the most influential architect of the twentieth century. As extensively researched and documented as his works are, however, they have never been exhaustively surveyed in photographs until now. Photographer Richard Pare has crossed the globe for years to document the extant works of Le Corbusier--from his first villas in Switzerland to his mid-career works in his role as the first global architect in locations as far-flung as Argentina and Russia, and his late works, including his sole North American project, at Harvard University, and an extensive civic plan for Chandigarh, India."-- |
| 600 00 - SUBJECT ADDED ENTRY--PERSONAL NAME |
| Personal name |
Le Corbusier, |
| Dates associated with a name |
1887-1965 |
| Form subdivision |
Pictorial works. |
| 9 (RLIN) |
120950 |
| 600 00 - SUBJECT ADDED ENTRY--PERSONAL NAME |
| Personal name |
Le Corbusier, |
| Dates associated with a name |
1887-1965 |
| Form subdivision |
Catalogs. |
| 9 (RLIN) |
119257 |
| 600 07 - SUBJECT ADDED ENTRY--PERSONAL NAME |
| Personal name |
Le Corbusier, |
| Dates associated with a name |
1887-1965. |
| Source of heading or term |
fast |
| 9 (RLIN) |
31778 |
| 650 #0 - SUBJECT ADDED ENTRY--TOPICAL TERM |
| Topical term or geographic name entry element |
Architectural photography |
| Geographic subdivision |
Canada. |
| 9 (RLIN) |
120951 |
| 650 #0 - SUBJECT ADDED ENTRY--TOPICAL TERM |
| Topical term or geographic name entry element |
Architecture, Modern |
| Chronological subdivision |
20th century |
| Form subdivision |
Pictorial works. |
| 9 (RLIN) |
118951 |
| 650 #7 - SUBJECT ADDED ENTRY--TOPICAL TERM |
| Topical term or geographic name entry element |
Architectural photography. |
| Source of heading or term |
fast |
| 9 (RLIN) |
31766 |
| 651 #7 - SUBJECT ADDED ENTRY--GEOGRAPHIC NAME |
| Geographic name |
Canada. |
| Source of heading or term |
fast |
| 9 (RLIN) |
96161 |
| 655 #7 - INDEX TERM--GENRE/FORM |
| Genre/form data or focus term |
Catalogs. |
| Source of term |
fast |
| 9 (RLIN) |
98425 |
| 700 1# - ADDED ENTRY--PERSONAL NAME |
| Personal name |
Cohen, Jean-Louis, |
| Relator term |
writer of added text. |
| 9 (RLIN) |
32596 |
| 700 0# - ADDED ENTRY--PERSONAL NAME |
| Personal name |
Le Corbusier, |
| Dates associated with a name |
1887-1965. |
| 9 (RLIN) |
31778 |
| 906 ## - LOCAL DATA ELEMENT F, LDF (RLIN) |
| a |
7 |
| b |
cbc |
| c |
pccadap |
| d |
2 |
| e |
epcn |
| f |
20 |
| g |
y-gencatlg |
| 942 ## - ADDED ENTRY ELEMENTS (KOHA) |
| Source of classification or shelving scheme |
|
| Koha item type |
Reference |
| Institution code [OBSOLETE] |
SADA |
| Call number prefix |
REF 720.92 PAR 2018 |